| 000 | 00479nam a22002057a 4500 | ||
|---|---|---|---|
| 001 | 21587 | ||
| 005 | 20260319103035.0 | ||
| 008 | 260319b |||||||| |||| 00| 0 spa d | ||
| 041 | _aESP | ||
| 082 |
_a720.4 _bR63 T. 1 |
||
| 100 | _aRíos Vizcarra, Gonzalo | ||
| 245 | _aPoética de un mundo habitado | ||
| 260 |
_a : _b , _c2018 |
||
| 300 |
_a302 páginas : _b ; _c26 cm. |
||
| 440 | _a ; | ||
| 650 | _aABD | ||
| 654 | _aCHU | ||
| 700 | _a; | ||
| 942 |
_cBIB _dJUS _fJUS _2ddc |
||
| 999 |
_c21587 _d21587 |
||